[Event "Osasco 50 Years"]
[Site "Osasco"]
[Date "2012.04.26"]
[Round "2"]
[White "Cubas, Jose Fernando"]
[Black "Alonso, Salvador"]
[Result "0-1"]
[WhiteElo "2518"]
[BlackElo "2506"]
[PlyCount "94"]
[EventDate "2012.04.25"]
[EventType "tourn"]
[EventRounds "10"]
[EventCountry "BRA"]
[EventCategory "9"]
[SourceTitle "CBM 148 Extra"]
[Source "ChessBase"]
[SourceDate "2012.06.22"]
[SourceVersion "1"]
[SourceVersionDate "2012.06.22"]
[SourceQuality "1"]

1. e4 c5 2. Nf3 Nc6 3. d4 cxd4 4. Nxd4 g6 5. Nc3 Bg7 6. Nb3 Nf6 7. Be2 d6 8.
O-O O-O 9. Bg5 b6 10. Qd2 Bb7 11. Bh6 Rc8 12. Bxg7 Kxg7 13. f4 b5 14. Bxb5 Nxe4
15. Nxe4 Qb6+ 16. Kh1 Qxb5 17. f5 gxf5 18. Qg5+ Kh8 19. Rxf5 Qe2 20. Ng3 Qxc2
21. Raf1 f6 22. Qh5 Ne5 23. R5f2 Qc4 24. Nd4 Qf7 25. Ngf5 Ng6 26. Qh6 Rg8 27.
Qh5 Qd5 28. Rf3 e5 29. Ne2 Nf4 30. Qh6 Qe6 31. Nxf4 exf4 32. Qxf4 Bxf3 33. Qxf3
d5 34. h3 Qe5 35. Qf2 Rce8 36. Qxa7 Qxb2 37. Qg1 Re2 38. Nh4 Qb4 39. Nf3 Qe4
40. Qb6 Qf4 41. Qg1 Qg3 42. Ne1 Rxa2 43. Qd4 Qe5 44. Qh4 Re2 45. Nf3 Rgxg2 46.
Rf2 Rgxf2 47. Nxe5 Rf1# 0-1

[Event "Osasco 50 Years"]
[Site "Osasco"]
[Date "2012.04.26"]
[Round "3"]
[White "Mareco, Sandro"]
[Black "Cubas, Jose Fernando"]
[Result "1-0"]
[WhiteElo "2579"]
[BlackElo "2518"]
[PlyCount "119"]
[EventDate "2012.04.25"]
[EventType "tourn"]
[EventRounds "10"]
[EventCountry "BRA"]
[EventCategory "9"]
[SourceTitle "CBM 148 Extra"]
[Source "ChessBase"]
[SourceDate "2012.06.22"]
[SourceVersion "1"]
[SourceVersionDate "2012.06.22"]
[SourceQuality "1"]

1. d4 d5 2. c4 c6 3. Nf3 Nf6 4. e3 a6 5. Bd3 Bg4 6. Nbd2 Nbd7 7. Qc2 e6 8. b3
Bd6 9. Bb2 Qb8 10. O-O O-O 11. h3 Bh5 12. Ng5 h6 13. Ngf3 Bxf3 14. Nxf3 e5 15.
cxd5 cxd5 16. dxe5 Nxe5 17. Be2 Nxf3+ 18. Bxf3 Bh2+ 19. Kh1 Be5 20. Rad1 Rc8
21. Qe2 Qd6 22. Rd3 Bxb2 23. Qxb2 Qe6 24. Rfd1 Rd8 25. Rd4 Rd7 26. Qc2 Rad8 27.
Bg4 Nxg4 28. Rxg4 Qe5 29. Rgd4 Rc7 30. Qd3 Rd6 31. Kg1 g6 32. Qd2 Kg7 33. Qe2
Rcd7 34. R1d2 Rc6 35. Qd1 Qc7 36. Qe2 Rc1+ 37. Rd1 Rc2 38. R4d2 Rc1 39. g3
Rxd1+ 40. Qxd1 Qe5 41. Rd4 Rc7 42. Rxd5 Rc1 43. Qxc1 Qxd5 44. Qc3+ Kg8 45. Qd4
Qf3 46. a4 h5 47. h4 Qc6 48. e4 Qc2 49. Qd5 Qc7 50. b4 Qb6 51. Qc5 Qe6 52. Qd4
Qb3 53. a5 Qf3 54. Qd5 Kg7 55. Qxb7 g5 56. hxg5 h4 57. Qxa6 Qd1+ 58. Kg2 h3+
59. Kh2 Kg8 60. Qc8+ 1-0

[Event "Osasco 50 Years"]
[Site "Osasco"]
[Date "2012.04.27"]
[Round "4"]
[White "Cubas, Jose Fernando"]
[Black "Terao, Rodrigo Akira"]
[Result "0-1"]
[WhiteElo "2518"]
[BlackElo "2364"]
[PlyCount "154"]
[EventDate "2012.04.25"]
[EventType "tourn"]
[EventRounds "10"]
[EventCountry "BRA"]
[EventCategory "9"]
[SourceTitle "CBM 148 Extra"]
[Source "ChessBase"]
[SourceDate "2012.06.22"]
[SourceVersion "1"]
[SourceVersionDate "2012.06.22"]
[SourceQuality "1"]

1. e4 c5 2. Nf3 e6 3. c3 Nf6 4. Qe2 d6 5. g3 Nbd7 6. Bg2 Be7 7. O-O O-O 8. Na3
Qc7 9. d4 e5 10. dxe5 Nxe5 11. Nh4 Re8 12. f4 Nc6 13. Nc4 Bf8 14. Qc2 b5 15.
Ne3 Bb7 16. g4 Na5 17. Nd5 Bxd5 18. exd5 Nxg4 19. Bf3 Nf6 20. b3 g6 21. Bd2 Bg7
22. c4 b4 23. f5 Nd7 24. Rae1 Ne5 25. Be4 Qd8 26. Ng2 Nb7 27. Rf4 g5 28. f6
Bxf6 29. Rf5 Ng6 30. Ref1 Bd4+ 31. Kh1 Qe7 32. Bd3 f6 33. h4 h6 34. hxg5 hxg5
35. Bxg5 Qh7+ 36. Bh4 Nxh4 37. R5f4 Nf5+ 38. Nh4 Ng3+ 39. Kg2 Re2+ 40. Qxe2
Nxe2 41. Bxh7+ Kxh7 42. Rg4 Rg8 43. Kf3 Ng1+ 44. Kf4 Nh3+ 45. Kf5 Rxg4 46. Kxg4
Ng5 47. Nf5 Nf7 48. Rh1+ Kg6 49. Ne7+ Kg7 50. Kf5 Nbd8 51. Nc6 Be3 52. Re1 Nh6+
53. Ke4 Bf2 54. Re2 f5+ 55. Kf4 Bh4 56. Rh2 Bf6 57. Rg2+ Kh7 58. Rh2 Ndf7 59.
Re2 Ne5 60. Nxa7 Ng6+ 61. Kf3 Be5 62. Nc6 Nh4+ 63. Kf2 Ng4+ 64. Kf1 Kg6 65. a4
bxa3 66. b4 cxb4 67. Nxb4 f4 68. Nd3 Ne3+ 69. Kf2 Nxc4 70. Nxe5+ Nxe5 71. Ra2
Ng4+ 72. Kg1 f3 73. Rxa3 f2+ 74. Kf1 Nf5 75. Ke2 Nfe3 76. Rxe3 Nxe3 77. Kxf2
Nxd5 0-1

[Event "Osasco 50 Years"]
[Site "Osasco"]
[Date "2012.04.28"]
[Round "5"]
[White "Toth, Christian Endre"]
[Black "Cubas, Jose Fernando"]
[Result "0-1"]
[WhiteElo "2365"]
[BlackElo "2518"]
[PlyCount "80"]
[EventDate "2012.04.25"]
[EventType "tourn"]
[EventRounds "10"]
[EventCountry "BRA"]
[EventCategory "9"]
[SourceTitle "CBM 148 Extra"]
[Source "ChessBase"]
[SourceDate "2012.06.22"]
[SourceVersion "1"]
[SourceVersionDate "2012.06.22"]
[SourceQuality "1"]

1. Nf3 Nf6 2. c4 e6 3. Nc3 d5 4. d4 Bb4 5. Qa4+ Nc6 6. Bg5 h6 7. Bxf6 Qxf6 8.
cxd5 exd5 9. e3 O-O 10. Be2 Rd8 11. O-O a6 12. Rfc1 Be6 13. Qd1 Bd6 14. Na4 Ne7
15. Nc5 Bc8 16. b4 g5 17. a4 b6 18. Nd3 Ng6 19. Qc2 Bf5 20. Qc3 Bxd3 21. Bxd3
g4 22. Nd2 c5 23. bxc5 bxc5 24. Rab1 c4 25. Bc2 a5 26. Bd1 h5 27. g3 Bb4 28.
Qc2 Ba3 29. Rb5 Bxc1 30. Qxc1 Nf8 31. Nb1 Ne6 32. Nc3 Ng5 33. Kg2 Rab8 34. Nxd5
Qe6 35. Nc3 Rxb5 36. axb5 Rb8 37. Qa3 Ne4 38. Qxa5 Qf5 39. f3 Nxc3 40. Qxc3
Qxb5 0-1

[Event "Osasco 50 Years"]
[Site "Osasco"]
[Date "2012.04.29"]
[Round "7"]
[White "Alonso, Salvador"]
[Black "Cubas, Jose Fernando"]
[Result "1-0"]
[WhiteElo "2506"]
[BlackElo "2518"]
[PlyCount "69"]
[EventDate "2012.04.25"]
[EventType "tourn"]
[EventRounds "10"]
[EventCountry "BRA"]
[EventCategory "9"]
[SourceTitle "CBM 148 Extra"]
[Source "ChessBase"]
[SourceDate "2012.06.22"]
[SourceVersion "1"]
[SourceVersionDate "2012.06.22"]
[SourceQuality "1"]

1. e4 e6 2. d4 d5 3. Nd2 Nf6 4. e5 Nfd7 5. Bd3 c5 6. c3 Nc6 7. Ngf3 Be7 8. O-O
g5 9. dxc5 g4 10. Nd4 Ndxe5 11. Bb5 Bd7 12. f4 Nxd4 13. Bxd7+ Qxd7 14. cxd4 Nc6
15. Nb3 Bf6 16. f5 exf5 17. Qd3 O-O-O 18. Rxf5 Bxd4+ 19. Nxd4 Nxd4 20. Rf6 Ne6
21. Bh6 Kb8 22. b4 Rhe8 23. Raf1 Re7 24. Qxh7 d4 25. Rxf7 Rxf7 26. Rxf7 Qd5 27.
Qf5 Qxa2 28. Qe5+ Ka8 29. Re7 Qb1+ 30. Kf2 Nf8 31. Qc7 Qc2+ 32. Kg3 Qd3+ 33.
Be3 Rb8 34. c6 Nd7 35. Qxd7 1-0

[Event "Osasco 50 Years"]
[Site "Osasco"]
[Date "2012.04.30"]
[Round "8"]
[White "Cubas, Jose Fernando"]
[Black "Mareco, Sandro"]
[Result "0-1"]
[WhiteElo "2518"]
[BlackElo "2579"]
[PlyCount "68"]
[EventDate "2012.04.25"]
[EventType "tourn"]
[EventRounds "10"]
[EventCountry "BRA"]
[EventCategory "9"]
[SourceTitle "CBM 148 Extra"]
[Source "ChessBase"]
[SourceDate "2012.06.22"]
[SourceVersion "1"]
[SourceVersionDate "2012.06.22"]
[SourceQuality "1"]

1. e4 c5 2. Nc3 a6 3. f4 e6 4. d3 d5 5. Nf3 Nf6 6. Qe2 Nc6 7. e5 Nd7 8. g3 Be7
9. Bg2 b5 10. O-O O-O 11. Nd1 Nb6 12. Nf2 b4 13. c4 bxc3 14. bxc3 Rb8 15. Rb1
Bd7 16. Bd2 Qc7 17. g4 Na4 18. Rb3 Na5 19. Rbb1 Nc6 20. Rb3 Na5 21. Rbb1 c4 22.
d4 Rxb1 23. Rxb1 Rb8 24. Qd1 Rb5 25. Rxb5 axb5 26. Ne1 Nc6 27. Nc2 b4 28. cxb4
c3 29. Bc1 Nb2 30. Qf3 Nxb4 31. Nxb4 Bxb4 32. Nd3 Ba3 33. Bf1 Qa7 34. Qf2 Nxd3
0-1

[Event "Osasco 50 Years"]
[Site "Osasco"]
[Date "2012.04.30"]
[Round "9"]
[White "Terao, Rodrigo Akira"]
[Black "Cubas, Jose Fernando"]
[Result "1/2-1/2"]
[WhiteElo "2364"]
[BlackElo "2518"]
[PlyCount "48"]
[EventDate "2012.04.25"]
[EventType "tourn"]
[EventRounds "10"]
[EventCountry "BRA"]
[EventCategory "9"]
[SourceTitle "CBM 148 Extra"]
[Source "ChessBase"]
[SourceDate "2012.06.22"]
[SourceVersion "1"]
[SourceVersionDate "2012.06.22"]
[SourceQuality "1"]

1. e4 c5 2. c3 d6 3. d4 Nf6 4. Bd3 g6 5. h3 Bg7 6. Nf3 O-O 7. O-O Nc6 8. Nbd2
cxd4 9. cxd4 Nh5 10. Nb3 e5 11. dxe5 dxe5 12. Bc4 Nf4 13. Qxd8 Rxd8 14. Be3 Be6
15. Bxe6 Nxe6 16. Nc5 Nxc5 17. Bxc5 b6 18. Be3 f5 19. Rad1 f4 20. Bc1 Bf6 21.
b3 Rxd1 22. Rxd1 Rd8 23. Rxd8+ Bxd8 24. Bb2 Bf6 1/2-1/2

[Event "Osasco 50 Years"]
[Site "Osasco"]
[Date "2012.05.01"]
[Round "10"]
[White "Cubas, Jose Fernando"]
[Black "Toth, Christian Endre"]
[Result "1-0"]
[WhiteElo "2518"]
[BlackElo "2365"]
[PlyCount "89"]
[EventDate "2012.04.25"]
[EventType "tourn"]
[EventRounds "10"]
[EventCountry "BRA"]
[EventCategory "9"]
[SourceTitle "CBM 148 Extra"]
[Source "ChessBase"]
[SourceDate "2012.06.22"]
[SourceVersion "1"]
[SourceVersionDate "2012.06.22"]
[SourceQuality "1"]

1. e4 c5 2. Nf3 d6 3. d4 cxd4 4. Nxd4 Nf6 5. Nc3 g6 6. Be2 Bg7 7. Be3 Nc6 8.
Nb3 O-O 9. f4 a6 10. Bf3 Bd7 11. O-O Rc8 12. Na4 b5 13. Nb6 Rb8 14. Nxd7 Nxd7
15. e5 Qc7 16. exd6 exd6 17. Bxc6 Qxc6 18. Bd4 Bxd4+ 19. Nxd4 Qb6 20. f5 d5 21.
c3 b4 22. Kh1 bxc3 23. bxc3 Nc5 24. Qd2 Ne4 25. Qh6 Qd6 26. Rf3 gxf5 27. Qh4
Kh8 28. Rxf5 Qg6 29. Raf1 Rg8 30. g3 Rb7 31. Rxd5 Nxc3 32. Rdf5 Qd6 33. Nf3 Rb1
34. Rxb1 Nxb1 35. Ng5 Qd1+ 36. Kg2 Qc2+ 37. Rf2 Qc6+ 38. Rf3 Rg7 39. Qf4 f6 40.
Ne4 Re7 41. Nxf6 Re2+ 42. Kh3 Nd2 43. Qb8+ Re8 44. Qb2 Nc4 45. Nxe8+ 1-0

[Event "Baleares-chT"]
[Site "Ibiza"]
[Date "2012.05.10"]
[Round "1.1"]
[White "Cubas Pons, Juan Miguel"]
[Black "Minzer, Claudio Javier"]
[Result "0-1"]
[WhiteElo "2324"]
[BlackElo "2430"]
[PlyCount "70"]
[EventDate "2012.05.10"]
[EventType "team-swiss"]
[EventRounds "5"]
[EventCountry "ESP"]
[SourceTitle "EXT 2014"]
[Source "ChessBase"]
[SourceDate "2013.11.20"]
[SourceVersion "1"]
[SourceVersionDate "2013.11.20"]
[SourceQuality "1"]

1. d4 Nf6 2. c4 c5 3. d5 e5 4. Nc3 d6 5. e4 Be7 6. g3 O-O 7. Bg2 Nbd7 8. h3 a6
9. a4 b6 10. Be3 Ne8 11. Qd2 g6 12. Nge2 Ng7 13. O-O Rb8 14. Rfb1 a5 15. Rf1 f5
16. f4 exf4 17. Bxf4 g5 18. Be3 Ne5 19. b3 h6 20. Rf2 fxe4 21. Nxe4 Rxf2 22.
Bxf2 Bxh3 23. Rf1 Qd7 24. Be1 Bxg2 25. Kxg2 Qg4 26. N2c3 Nf5 27. Rf2 Nf3 28.
Qc1 Rf8 29. Bd2 N5h4+ 30. Kf1 Qh3+ 31. Ke2 Nd4+ 32. Kd3 Rxf2 33. Nxf2 Qxg3+ 34.
Be3 Ng2 35. Ne2 Nf4+ 0-1

[Event "Baleares-chT"]
[Site "Ibiza"]
[Date "2012.05.11"]
[Round "2.3"]
[White "Cubas Pons, Juan Miguel"]
[Black "Mayans Calvo, Mariano"]
[Result "0-1"]
[WhiteElo "2324"]
[BlackElo "2253"]
[PlyCount "54"]
[EventDate "2012.05.10"]
[EventType "team-swiss"]
[EventRounds "5"]
[EventCountry "ESP"]
[SourceTitle "EXT 2014"]
[Source "ChessBase"]
[SourceDate "2013.11.20"]
[SourceVersion "1"]
[SourceVersionDate "2013.11.20"]
[SourceQuality "1"]

1. d4 e6 2. c4 Nf6 3. Nc3 Bb4 4. Qc2 c5 5. dxc5 Na6 6. Nf3 O-O 7. a3 Bxc3+ 8.
Qxc3 Nxc5 9. e3 d5 10. cxd5 Qb6 11. b4 Nce4 12. Qd4 Qxd4 13. Nxd4 Nxd5 14. Bd3
Nd6 15. e4 e5 16. exd5 exd4 17. Bf4 Rd8 18. Kd2 Ne8 19. Rhe1 Kf8 20. Bc4 Bf5
21. Rac1 a5 22. f3 axb4 23. axb4 Ra4 24. g4 Bd7 25. Be5 Rc8 26. Re4 Rxb4 27.
Bxd4 Nd6 0-1

[Event "Baleares-chT"]
[Site "Ibiza"]
[Date "2012.05.11"]
[Round "3.2"]
[White "Cacho Reigadas, Sergio"]
[Black "Cubas Pons, Juan Miguel"]
[Result "1-0"]
[WhiteElo "2523"]
[BlackElo "2324"]
[PlyCount "101"]
[EventDate "2012.05.10"]
[EventType "team-swiss"]
[EventRounds "5"]
[EventCountry "ESP"]
[SourceTitle "EXT 2014"]
[Source "ChessBase"]
[SourceDate "2013.11.20"]
[SourceVersion "1"]
[SourceVersionDate "2013.11.20"]
[SourceQuality "1"]

1. c4 e6 2. Nc3 b6 3. e4 Bb7 4. g3 c5 5. Bg2 Nf6 6. Nge2 d6 7. O-O Be7 8. h3
Nc6 9. d3 a6 10. Be3 Qc7 11. a3 O-O 12. Rb1 Rfd8 13. g4 Rac8 14. g5 Ne8 15. f4
Bf8 16. h4 Ne7 17. Qc2 d5 18. Bf2 dxc4 19. dxc4 Rd7 20. Be3 Rcd8 21. Rbe1 Qb8
22. Nc1 Nd6 23. b3 Qa8 24. h5 Nc6 25. Nd3 Nc8 26. Nf2 Nd4 27. Qb1 Nf5 28. Kh2
Nxe3 29. Rxe3 Bd6 30. Ng4 Qb8 31. Kg3 Be7 32. Ne5 Rd2 33. Nf3 R2d7 34. Bh3 Na7
35. g6 Nc6 36. gxf7+ Kxf7 37. e5 Rh8 38. Ne4 Nd4 39. Neg5+ Bxg5 40. Nxg5+ Ke7
41. f5 exf5 42. Bxf5 Qe8 43. Bg4 Kd8 44. e6 Kc7 45. Kh3 Re7 46. Qe1 Qc6 47.
Qg3+ Kc8 48. Nf7 Rg8 49. Nd6+ Kb8 50. Nf5+ Rc7 51. Ne7 1-0

[Event "Baleares-chT"]
[Site "Ibiza"]
[Date "2012.06.12"]
[Round "4.2"]
[White "Cubas Pons, Juan Miguel"]
[Black "Timoshenko, Georgy"]
[Result "1/2-1/2"]
[WhiteElo "2324"]
[BlackElo "2537"]
[PlyCount "101"]
[EventDate "2012.05.10"]
[EventType "team-swiss"]
[EventRounds "5"]
[EventCountry "ESP"]
[SourceTitle "EXT 2014"]
[Source "ChessBase"]
[SourceDate "2013.11.20"]
[SourceVersion "1"]
[SourceVersionDate "2013.11.20"]
[SourceQuality "1"]

1. d4 Nf6 2. c4 e6 3. Nc3 c5 4. d5 exd5 5. cxd5 Bd6 6. Nf3 Bc7 7. Bg5 d6 8. Nd2
h6 9. Bxf6 Qxf6 10. Qa4+ Nd7 11. Qe4+ Kf8 12. Nc4 a6 13. a4 b6 14. e3 Bb7 15.
Be2 Re8 16. Qc2 g6 17. O-O Kg7 18. f4 h5 19. e4 Bb8 20. e5 Qd8 21. e6 fxe6 22.
dxe6 Rxe6 23. f5 Rf6 24. fxg6 Re8 25. Bxh5 d5 26. Nd2 Rh8 27. Rf5 Bxh2+ 28.
Kxh2 Rxf5 29. Qxf5 Nf6 30. Kg1 Rxh5 31. Qe6 Qc7 32. Rf1 Qh2+ 33. Kf2 Qh4+ 34.
Ke2 Kxg6 35. Qxb6 Bc8 36. Kd1 Bg4+ 37. Kc1 Rf5 38. Nf3 Bxf3 39. gxf3 Qc4 40.
Rg1+ Rg5 41. Rxg5+ Kxg5 42. Qe6 Qf4+ 43. Kc2 Qf5+ 44. Qxf5+ Kxf5 45. Kd3 Kf4
46. Nxd5+ Nxd5 47. Kc4 Nb6+ 48. Kxc5 Nxa4+ 49. Kb4 Nxb2 50. Ka5 Kxf3 51. Kxa6
1/2-1/2

[Event "Baleares-chT"]
[Site "Ibiza"]
[Date "2012.06.12"]
[Round "5.3"]
[White "Planells Roig, Jose"]
[Black "Cubas Pons, Juan Miguel"]
[Result "0-1"]
[WhiteElo "2100"]
[BlackElo "2324"]
[PlyCount "78"]
[EventDate "2012.05.10"]
[EventType "team-swiss"]
[EventRounds "5"]
[EventCountry "ESP"]
[SourceTitle "EXT 2014"]
[Source "ChessBase"]
[SourceDate "2013.11.20"]
[SourceVersion "1"]
[SourceVersionDate "2013.11.20"]
[SourceQuality "1"]

1. e4 e6 2. d4 d5 3. e5 c5 4. Nf3 cxd4 5. Bd3 Nc6 6. O-O f6 7. Qe2 fxe5 8. Nxe5
Nxe5 9. Qxe5 Nf6 10. Bb5+ Kf7 11. Qxd4 Bd6 12. Bf4 Bxf4 13. Qxf4 Qb6 14. Nc3 d4
15. Ne4 Rf8 16. Nxf6 gxf6 17. Bd3 Kg8 18. c3 dxc3 19. bxc3 Qc5 20. Rab1 f5 21.
Rfe1 Qxc3 22. Re3 Qf6 23. Be2 Rd8 24. h3 Rd4 25. Qc7 Rd7 26. Rg3+ Kh8 27. Qc4
b6 28. Qc6 Rb8 29. Rc1 Rd8 30. Qa4 a5 31. Bf3 Bd7 32. Bc6 Bxc6 33. Qxc6 f4 34.
Rg4 h5 35. Re1 hxg4 36. Rxe6 Rd1+ 37. Kh2 g3+ 38. fxg3 fxg3+ 39. Kxg3 Rg8+ 0-1

[Event "Kuna Arandu"]
[Site "Luque"]
[Date "2012.06.05"]
[Round "1"]
[White "Cubas, Jose Fernando"]
[Black "Latorre Lopez Moreira, Luis Matias"]
[Result "1-0"]
[WhiteElo "2534"]
[BlackElo "2235"]
[PlyCount "37"]
[EventDate "2012.06.05"]
[EventType "tourn"]
[EventRounds "9"]
[EventCountry "PAR"]
[EventCategory "7"]
[SourceTitle "CBM 148 Extra"]
[Source "ChessBase"]
[SourceDate "2012.06.22"]
[SourceVersion "1"]
[SourceVersionDate "2012.06.22"]
[SourceQuality "1"]

1. e4 e6 2. d4 d5 3. Nc3 Bb4 4. e5 c5 5. Bd2 Ne7 6. Nb5 Bxd2+ 7. Qxd2 O-O 8. f4
Nbc6 9. Nf3 cxd4 10. Bd3 f6 11. O-O fxe5 12. fxe5 Rxf3 13. Rxf3 a6 14. Raf1 Bd7
15. Rh3 h6 16. Rg3 Kh8 17. Nd6 Nxe5 18. Nf7+ Nxf7 19. Rxf7 1-0

[Event "Kuna Arandu"]
[Site "Luque"]
[Date "2012.06.06"]
[Round "2"]
[White "Vera Gonzalez Quevedo, Reynaldo"]
[Black "Cubas, Jose Fernando"]
[Result "1/2-1/2"]
[WhiteElo "2489"]
[BlackElo "2534"]
[PlyCount "29"]
[EventDate "2012.06.05"]
[EventType "tourn"]
[EventRounds "9"]
[EventCountry "PAR"]
[EventCategory "7"]
[SourceTitle "CBM 148 Extra"]
[Source "ChessBase"]
[SourceDate "2012.06.22"]
[SourceVersion "1"]
[SourceVersionDate "2012.06.22"]
[SourceQuality "1"]

1. d4 d5 2. c4 c6 3. Nc3 Nf6 4. cxd5 cxd5 5. Bf4 Qb6 6. e3 Bd7 7. Bd3 e6 8. Qe2
Bc6 9. Nf3 Nbd7 10. O-O Be7 11. Rab1 a5 12. Nb5 Bxb5 13. Bxb5 O-O 14. Rfc1 Rfc8
15. h3 1/2-1/2

[Event "Kuna Arandu"]
[Site "Luque"]
[Date "2012.06.07"]
[Round "3"]
[White "Cubas, Jose Fernando"]
[Black "Bachmann, Axel"]
[Result "1/2-1/2"]
[WhiteElo "2534"]
[BlackElo "2566"]
[PlyCount "49"]
[EventDate "2012.06.05"]
[EventType "tourn"]
[EventRounds "9"]
[EventCountry "PAR"]
[EventCategory "7"]
[SourceTitle "CBM 148 Extra"]
[Source "ChessBase"]
[SourceDate "2012.06.22"]
[SourceVersion "1"]
[SourceVersionDate "2012.06.22"]
[SourceQuality "1"]

1. e4 g6 2. Nc3 Bg7 3. g3 c5 4. Bg2 Nc6 5. d3 d6 6. Be3 e5 7. Nge2 Nge7 8. O-O
O-O 9. Qd2 Nd4 10. f4 Rb8 11. h3 b5 12. g4 b4 13. Nd1 Nxe2+ 14. Qxe2 exf4 15.
Bxf4 Nc6 16. Qd2 Be6 17. Bh6 Be5 18. c3 Re8 19. Ne3 Qh4 20. Nd5 Bxd5 21. exd5
Qg3 22. dxc6 Qh2+ 23. Kf2 Qg3+ 24. Kg1 Qh2+ 25. Kf2 1/2-1/2

[Event "Kuna Arandu"]
[Site "Luque"]
[Date "2012.06.10"]
[Round "5"]
[White "Cubas, Jose Fernando"]
[Black "Lujan, Carolina"]
[Result "1-0"]
[WhiteElo "2534"]
[BlackElo "2367"]
[PlyCount "101"]
[EventDate "2012.06.05"]
[EventType "tourn"]
[EventRounds "9"]
[EventCountry "PAR"]
[EventCategory "7"]
[SourceTitle "CBM 148 Extra"]
[Source "ChessBase"]
[SourceDate "2012.06.22"]
[SourceVersion "1"]
[SourceVersionDate "2012.06.22"]
[SourceQuality "1"]

1. e4 c5 2. Nf3 e6 3. d4 cxd4 4. Nxd4 a6 5. Nc3 b5 6. Bd3 Qb6 7. Nf3 Qc7 8. O-O
Bb7 9. Re1 Be7 10. Bd2 b4 11. Na4 Nc6 12. c4 Nf6 13. e5 Ng4 14. Bf4 h5 15. h3
g5 16. Nxg5 Ngxe5 17. Be4 d6 18. h4 Rd8 19. b3 Ng4 20. Nc5 Qb6 21. Nd3 Nce5 22.
Bxe5 dxe5 23. Qf3 Bxg5 24. Bxb7 Rxd3 25. Qc6+ Qxc6 26. Bxc6+ Ke7 27. hxg5 Rhd8
28. Bf3 Rc3 29. Re2 Rd4 30. Rae1 Kd6 31. Bb7 a5 32. f3 Kc7 33. Ba6 f5 34. fxg4
Rxg4 35. Rxe5 f4 36. Rxe6 f3 37. Re7+ Kd8 38. Re8+ Kc7 39. R8e7+ Kd8 40. Re8+
Kc7 41. Bb5 Rxg2+ 42. Kf1 Rcc2 43. R8e7+ Kb6 44. Rd1 Rce2 45. Rd6+ Kc5 46. Rd5+
Kb6 47. Rxe2 fxe2+ 48. Ke1 h4 49. Rd6+ Kc5 50. Rh6 Rxg5 51. Rxh4 1-0

[Event "Kuna Arandu"]
[Site "Luque"]
[Date "2012.06.11"]
[Round "7"]
[White "Soppe, Guillermo"]
[Black "Cubas, Jose Fernando"]
[Result "1/2-1/2"]
[WhiteElo "2423"]
[BlackElo "2534"]
[PlyCount "60"]
[EventDate "2012.06.05"]
[EventType "tourn"]
[EventRounds "9"]
[EventCountry "PAR"]
[EventCategory "7"]
[SourceTitle "CBM 148 Extra"]
[Source "ChessBase"]
[SourceDate "2012.06.22"]
[SourceVersion "1"]
[SourceVersionDate "2012.06.22"]
[SourceQuality "1"]

1. Nf3 Nf6 2. g3 d5 3. Bg2 c6 4. O-O Bg4 5. d4 Nbd7 6. Nbd2 e6 7. Re1 Be7 8. e4
dxe4 9. Nxe4 Nxe4 10. Rxe4 Bf5 11. Re1 O-O 12. c3 a5 13. a4 Re8 14. Be3 Bf6 15.
Nd2 Nb6 16. Qb3 Re7 17. Ne4 Bxe4 18. Bxe4 Nd5 19. Bd2 Rd7 20. Re2 Qc7 21. Rae1
g6 22. h4 c5 23. dxc5 Qxc5 24. Kg2 h5 25. Bc1 Rc8 26. Bf3 Kg7 27. Re4 Qc7 28.
Qb5 Qd8 29. Rc4 Rxc4 30. Qxc4 b6 1/2-1/2

[Event "Kuna Arandu"]
[Site "Luque"]
[Date "2012.06.12"]
[Round "8"]
[White "Cubas, Jose Fernando"]
[Black "Sanchez Castillo, Sarai Carolina"]
[Result "1-0"]
[WhiteElo "2534"]
[BlackElo "2234"]
[PlyCount "59"]
[EventDate "2012.06.05"]
[EventType "tourn"]
[EventRounds "9"]
[EventCountry "PAR"]
[EventCategory "7"]
[SourceTitle "CBM 148 Extra"]
[Source "ChessBase"]
[SourceDate "2012.06.22"]
[SourceVersion "1"]
[SourceVersionDate "2012.06.22"]
[SourceQuality "1"]

1. e4 e6 2. d4 d5 3. e5 c5 4. c3 Nc6 5. Nf3 Bd7 6. Be2 f6 7. O-O Qc7 8. Re1
O-O-O 9. Na3 a6 10. Nc2 fxe5 11. Nxe5 Nxe5 12. dxe5 Qxe5 13. Bf3 Qc7 14. c4 Nf6
15. Bg5 d4 16. b4 Ba4 17. Qd3 cxb4 18. Rxe6 Bxc2 19. Qxc2 d3 20. Qa4 d2 21. Qc2
Qd7 22. Rb6 Qd4 23. Qf5+ Rd7 24. Bxf6 gxf6 25. Rd1 Qxb6 26. Rxd2 Qc7 27. Bg4
Kb8 28. Rxd7 Qxc4 29. g3 Bc5 30. Bf3 1-0

[Event "Kuna Arandu"]
[Site "Luque"]
[Date "2012.06.13"]
[Round "9"]
[White "Villalba, Marcelo"]
[Black "Cubas, Jose Fernando"]
[Result "0-1"]
[WhiteElo "2233"]
[BlackElo "2534"]
[PlyCount "100"]
[EventDate "2012.06.05"]
[EventType "tourn"]
[EventRounds "9"]
[EventCountry "PAR"]
[EventCategory "7"]
[SourceTitle "CBM 148 Extra"]
[Source "ChessBase"]
[SourceDate "2012.06.22"]
[SourceVersion "1"]
[SourceVersionDate "2012.06.22"]
[SourceQuality "1"]

1. e4 c5 2. c3 e6 3. Nf3 d5 4. exd5 exd5 5. Bb5+ Bd7 6. Qe2+ Qe7 7. Bxd7+ Nxd7
8. d4 Qxe2+ 9. Kxe2 cxd4 10. cxd4 Ngf6 11. Bf4 Rc8 12. Nbd2 Nh5 13. Bg3 Bb4 14.
Rac1 O-O 15. Kd3 f5 16. Ne5 Nb6 17. f3 f4 18. Bf2 Bxd2 19. Kxd2 Nc4+ 20. Nxc4
dxc4 21. b3 cxb3 22. axb3 Nf6 23. Rc5 b6 24. Rf5 Rfd8 25. Rxf4 Nd5 26. Re4 Nb4
27. Rc1 Rxc1 28. Kxc1 Nd3+ 29. Kc2 Nxf2 30. Re2 Nh3 31. gxh3 Rxd4 32. Re7 a5
33. Re6 Rb4 34. Kc3 h5 35. Rc6 Rf4 36. Rxb6 Rxf3+ 37. Kd4 Rxh3 38. Ke5 Rxh2 39.
Kf5 Rg2 40. Rb5 g6+ 41. Kf4 Rg4+ 42. Kf3 Rb4 43. Rxa5 Rxb3+ 44. Kf4 Kg7 45. Kg5
Rg3+ 46. Kh4 Rg1 47. Ra7+ Kh6 48. Ra6 Rg4+ 49. Kh3 Rb4 50. Ra5 Rb3+ 0-1

[Event "Mogi das Cruzes op 06"]
[Site "Mogi das Cruzes"]
[Date "2012.06.22"]
[Round "1"]
[White "Cubas, Jose Fernando"]
[Black "Aragao Neto, Joao Batista"]
[Result "1-0"]
[WhiteElo "2534"]
[BlackElo "1835"]
[PlyCount "53"]
[EventDate "2012.06.22"]
[EventType "swiss"]
[EventRounds "6"]
[EventCountry "BRA"]
[SourceTitle "CBM 149 Extra"]
[Source "ChessBase"]
[SourceDate "2012.08.24"]
[SourceVersion "1"]
[SourceVersionDate "2012.08.24"]
[SourceQuality "1"]

1. e4 c5 2. Nf3 d6 3. d4 cxd4 4. Nxd4 Nf6 5. Nc3 a6 6. f4 e6 7. a4 Nc6 8. Nb3
Be7 9. Be3 Bd7 10. a5 O-O 11. Be2 Be8 12. O-O Nd7 13. Na4 f5 14. Bc4 fxe4 15.
Bxe6+ Kh8 16. Nb6 Nxb6 17. Bxb6 Qb8 18. Qe2 d5 19. Bxd5 Rxf4 20. Rxf4 Qxf4 21.
Rf1 Qh6 22. Qxe4 Bd6 23. h3 Bg6 24. Qe6 Bg3 25. Nd4 Qd2 26. Nxc6 bxc6 27. Bxc6
1-0